Juicio por jurados /

Guardado en:
Autor Principal: Granillo Fernández, Héctor Manuel.
Otros Autores: Ledesma, Ángela Ester, (prol.)
Formato: Libro
Idioma:Spanish
Publicado: Santa Fe : Rubinzal - Culzoni, 2013.
Edición:1a. ed.
Materias:
Etiquetas: Agregar Etiqueta
Sin Etiquetas, Sea el primero en etiquetar este registro!
LEADER 00574nam a22001695a 4500
001 DER.der014114
008 190919s2013####ag############000#0#spa#d
005 20250611122324.0
245 1 0 |a Juicio por jurados /  |c Héctor M. Granillo Fernández ; con prólogo de Ángela Ester Ledesma. 
250 |a 1a. ed. 
260 |a Santa Fe :  |b Rubinzal - Culzoni,  |c 2013. 
300 |a 259 p. 
020 |a 9789873004209 
100 1 |a Granillo Fernández, Héctor Manuel. 
700 1 |a Ledesma, Ángela Ester,  |e prol. 
650 7 |a DERECHO PROCESAL PENAL 
859 |a DERECHO  |b BIB. DERECHO  |h 347.05  |i GRA  |p 009331